00921nam a2200193 4500001000700000003000900007005001700016008004100033080001300074100003400087240002100121245031100142260005900453300002800512504005800540546004200598651004500640852004200685174570ES-MaACL20250709063231.0100506s1779 sp p |||| | spa d a282(460)1 aFlórez, Enrique,d1702-177310aEspaña sagrada10aEspaña sagrada. nTomo XXXII, pLa vasconia b: tratado preliminar a las santas iglesias de Calahorra, y de Pamplona en que se establecen todas las antiguedades civiles concernientes à la region de los vascones desde los tiempos primitivos hasta los reyes primeros de Navarra / csu autor Manuel Risco. aMadrid : ben la imprenta de Miguel Escribano, c1779. a[20], 452 p. ; c20 cm. aÍndice alfabético de las cosas notables del tomo. aTexto en latin a partir de la p. 411. 4aEspaña-xHistoria religiosa-vFuentes.4 aES-MaACLjR-1617-69 x C-16767-818